| 000 | 01018cam a2200241 4500 | ||
|---|---|---|---|
| 008 | 000000n1999 000 0 eng u | ||
| 020 | _a0712308482 | ||
| 035 | _a(Sirsi) u102244 | ||
| 100 | _aRuston, Phil | ||
| 110 |
_aBritish Library _91566 |
||
| 245 | _aOut of town shopping: the future of retailing | ||
| 260 |
_aLondon _bBritish Library _c1999 |
||
| 300 | _aviii,182p. ; 23cm. | ||
| 350 | _a37.00 | ||
| 520 | _aThis is an extensive survey of developments in retailing over the past decade and into the future which continues the British Library's survey of "Shopping in the Eighties" (1988). Almost ten per cent of the UK workforce are now involved in selling goods to consumers in a market worth £143 billion a year. A quarter of this book is devoted to online shopping and e-commerce. | ||
| 650 | _aRETAIL PROPERTY | ||
| 650 | _aOUT OF TOWN | ||
| 650 | _aPROPERTY DEVELOPMENT | ||
| 650 | _aLIFESTYLES | ||
| 650 | _aELECTRONIC COMMERCE | ||
| 690 | _aPROPERTY-COMMERCIAL PROPERTY | ||
| 942 | _n0 | ||
| 999 |
_c100051 _d100051 |
||